“酸汤”地点数量≥200的地级行政区 Prefectures with ≥200 sour soup sites - Statistics

General Stats
  • This quiz has been taken 40 times
  • The average score is 10 of 14
Answer Stats
地级行政区 数量 % Correct
贵阳 1163
100%
遵义 370
97%
昆明 685
95%
黔东南 544
86%
黔南 335
86%
毕节 292
86%
六盘水 426
84%
安顺 395
84%
成都 346
84%
重庆 665
81%
上海 239
76%
深圳 217
59%
文山 280
22%
金华 210
5%
No matching quizzes found
Score Distribution
Percent of People with Each Score
Percentile by Number Answered
Your Score History
You have not taken this quiz